| 000 | 00788nam a2200229Ia 4500 | ||
|---|---|---|---|
| 001 | Z_4262 | ||
| 008 | 220601s9999 xx 000 0 und d | ||
| 082 | _a581.972 A7 | ||
| 100 |
_aArreguín Sánchez, María de la Luz _97434 |
||
| 245 | _aIntroducción a la flora del estado de Querétaro / por María de la Luz Arreguín Sánchez.../y otros/ | ||
| 260 | _aQuerétaro, Qro. : Consejo de Ciencia y Tecnología del estado de Querétaro | ||
| 300 | _a361 p. ; ilus. | ||
| 440 | _a | ||
| 500 | _a | ||
| 503 | _aDONACIÓN | ||
| 650 |
_a1. Botánica - Querétaro I. Rodríguez Castañeda, Berta II. Yepez Basurto, MargaritaÌ _9181190 |
||
| 901 | _a581.972 A7 | ||
| 902 | _aA | ||
| 905 | _a0000001997 0000000000 00 | ||
| 942 | _c1 | ||
| 999 |
_c216929 _d216929 |
||